Anno regni decimo Georgii III. Regis : At a General Assembly begun at New-Castle, in the government of the counties of New-Castle, Kent and Sussex, upon Delaware, the twentieth day of October, in the tenth year of the reign of our Sovereign Lord George the Third, King of Great-Britain, &c. Annoque Domini 1770, and continued by adjournment to the third day of November following, the following act was passed ... An act obliging persons returned and appointed for constables to serve accordingly, and for ascertaining their fees.

Bibliographic Details
Corporate Author: Delaware
Format: eBook
Language:English
Series:Early American imprints. Evans (1639-1800) ; no. 11629.
Subjects:
Online Access:Evans Digital Edition

MARC

Tag First Indicator Second Indicator Subfields
LEADER 00000cam a22000001a 4500
001 in00002139403
006 m e d #
007 cr mn mmmmabba
008 850702s1770 deu sl s000 0 eng d
005 20260330215737.9
035 |z w026385 
035 |a MAAR8507023508B 
035 |9 mwa91-16712 
035 |a 317134 
035 |a aas03026385 
040 |a MWA  |c MWA  |e bdrb  |d UtOrBLW 
110 1 |a Delaware. 
240 1 0 |a Laws, etc. (Session laws : 1770 Oct.) 
245 1 0 |a Anno regni decimo Georgii III. Regis :  |b At a General Assembly begun at New-Castle, in the government of the counties of New-Castle, Kent and Sussex, upon Delaware, the twentieth day of October, in the tenth year of the reign of our Sovereign Lord George the Third, King of Great-Britain, &c. Annoque Domini 1770, and continued by adjournment to the third day of November following, the following act was passed ... An act obliging persons returned and appointed for constables to serve accordingly, and for ascertaining their fees. 
264 3 |a [Wilmington, Del.] :  |b [Printed by James Adams],  |c [1770] 
300 |a pages 223-227 pages, 1 unnumbered page ;  |c (folio) 
336 |a text  |b txt  |2 rdacontent 
337 |a computer  |b c  |2 rdamedia 
338 |a online resource  |b cr  |2 rdacarrier 
500 |a Title taken from caption title and first lines of text. 
500 |a Imprint supplied by Rink. 
500 |a Pagination continues the session laws published from 1763 (Evans 9375). 
510 4 |a Evans  |c 11629 
510 4 |a Rink, E. Delaware,  |c 49 
530 |a Microform version available in the Readex Early American Imprints series. 
533 |a Electronic text and image data.  |b [Chester, Vt. :  |c Readex, a division of Newsbank, Inc.,  |d 2002-2004.  |e Includes files in TIFF, GIF and PDF formats with inclusion of keyword searchable text.  |f (Early American imprints. First series ; no. 11629). 
500 |a Electronic resource. 
650 0 |a Constables. 
651 0 |a Delaware  |x Officials and employees. 
740 0 |a Act obliging persons returned and appointed for constables. 
752 |a United States  |b Delaware  |d Wilmington. 
830 0 |a Early American imprints.  |n Series I,  |p Evans (1639-1800) ;  |v no. 11629. 
856 4 1 |u http://proxy.library.tamu.edu/login?url=https://opac.newsbank.com/select/evans/11629  |y Evans Digital Edition  |t 0 
999 |a MARS 
999 f f |s 46c894de-ddf2-354a-a86b-bea570496d3c  |i 277f9aa7-24b8-311a-a109-e63a9cb0e2ea  |t 0 
952 f f |a Texas A&M University  |b College Station  |c Electronic Resources  |s www_evans  |d Available Online  |t 0  |h No information provided 
998 f f |t 0  |l Available Online